00470nam a2200157 4500003000900000005001700009008004100026020002900067040001300096082002100109100002200130245007400152260003300226440002600259650002700285SEACOMMC20250430153819.0250121b |||||||| |||| 00| 0 eng d a81-309-0302-4cRs.395.00 aSEACOMMC a 910.019 bP 359 a Pearce, Philip L1 aTourist Behaviour : Themes and Conceptual Schemes /c Philip L Pearce a Kolkatab Viva-Booksc 2006 aAspects of Tourism,27 a Psychological Aspects